[Event "Superettan(Sollentuna-Orebro)"]
[Site "?"]
[Date "2014.01.18"]
[Round "4"]
[White "Gruvaeus, Curt"]
[Black "Poley, Vladimir"]
[Result "1-0"]
[WhiteElo "2334"]
[BlackElo "2415"]
[PlyCount "73"]

1. d4 g6 2. e4 Bg7 3. Nf3 c6 4. Bd3 d5 5. c3 dxe4 6. Bxe4 Nf6 7. Bc2 O-O 8. O-O
Nbd7 9. Bg5 b6 10. Nbd2 c5 11. Re1 Bb7 12. Nb3 cxd4 13. Nbxd4 a6 14. Qd2 Re8
15. Qf4 Qb8 16. Qh4 e5 17. Ne2 Nd5 18. Rad1 Nc5 19. Bh6 Qc7 20. Ng3 Nf4 21. b4
Nce6 22. Be4 f5 23. Bxg7 Nxg7 24. Bxb7 Qxb7 25. Rd6 Nge6 26. Red1 Re7 27. Rxb6
Qc7 28. Rbd6 Nd4 29. R6xd4 exd4 30. Rxd4 Ne2+ 31. Nxe2 Rxe2 32. Qf6 Qxc3 33. h3
Rae8 34. Qxa6 Qa1+ 35. Kh2 Rxf2 36. Qc4+ Kh8 37. Qf7 1-0

[Event "Superettan(Sollentuna-Orebro)"]
[Site "?"]
[Date "2014.01.18"]
[Round "4"]
[White "Tsyhanchuk, Stanislav"]
[Black "Drugge, Patrick"]
[Result "0-1"]
[WhiteElo "2416"]
[BlackElo "2237"]
[PlyCount "114"]

1. e4 e5 2. Nc3 Nf6 3. g3 Nc6 4. Bg2 Bc5 5. Nge2 a6 6. d3 d6 7. O-O Be6 8. Nd5
Qd7 9. c3 Bxd5 10. exd5 Ne7 11. d4 exd4 12. Nxd4 Nfxd5 13. c4 Nb4 14. Bxb7 Rb8
15. Be4 O-O 16. Be3 f5 17. Bg2 f4 18. gxf4 Bxd4 19. Bxd4 Rxf4 20. Be3 Rxc4 21.
Qb3 d5 22. Rfd1 Rg4 23. Kh1 Rxg2 24. Kxg2 Qg4+ 25. Kf1 Nbc6 26. Qc3 Rb4 27. Bc5
Rc4 28. Qe3 Re4 29. h3 Qe6 30. Qb3 Na5 31. Qd3 Nc4 32. Re1 Nd2+ 33. Kg2 Rxe1
34. Rxe1 Qxe1 35. Bxe7 Qe4+ 36. Qxe4 Nxe4 37. f3 Nf6 38. b4 Kf7 39. Bd8 c6 40.
Kf2 Ke6 41. Ke3 Nd7 42. Kd4 Kf5 43. Bc7 Nf8 44. Bd6 Ne6+ 45. Ke3 g5 46. a4 Nf4
47. Kd4 Ke6 48. Kc5 Kd7 49. Bb8 Nd3+ 50. Kb6 Nxb4 51. f4 d4 52. Kc5 d3 53. Kxb4
d2 54. fxg5 d1=Q 55. Ka5 c5 56. h4 Kc6 57. h5 Qd2+ 0-1

[Event "Superettan(Sollentuna-Orebro)"]
[Site "?"]
[Date "2014.01.18"]
[Round "4"]
[White "Jonsson, Krister"]
[Black "Aroven, Mikael"]
[Result "1/2-1/2"]
[WhiteElo "2141"]
[BlackElo "2197"]
[PlyCount "106"]
[EventDate "2014.??.??"]

1. d4 Nf6 2. c4 e6 3. Nf3 Bb4+ 4. Nbd2 O-O 5. g3 b6 6. Bg2 Bb7 7. O-O Bxd2 8.
Bxd2 Be4 9. Rc1 Qe7 10. Re1 Nc6 11. Bc3 Rfe8 12. Qa4 a5 13. a3 h6 14. e3 Reb8
15. Rcd1 Nd8 16. h3 d5 17. Nd2 Bxg2 18. Kxg2 c6 19. Qc2 b5 20. b3 Nb7 21. e4 b4
22. axb4 axb4 23. Bb2 Qd7 24. e5 Nh7 25. Ra1 Qd8 26. Rec1 c5 27. cxd5 Qxd5+ 28.
Qe4 Rxa1 29. Rxa1 Ng5 30. Qxd5 exd5 31. dxc5 Nxc5 32. Bd4 Nce6 33. Be3 Rc8 34.
h4 d4 35. Bxg5 hxg5 36. Nc4 gxh4 37. gxh4 Nc5 38. Nd2 Nd3 39. Nc4 Rd8 40. Kf3
Nc5 41. Nd2 Kh7 42. Ra7 Kg6 43. h5+ Kxh5 44. Rxf7 g5 45. Rf6 g4+ 46. Kf4 Nd3+
47. Ke4 Nc5+ 48. Kf5 Rg8 49. Rf7 Rg5+ 50. Kf6 Rg6+ 51. Kf5 Rg5+ 52. Kf6 Rg6+
53. Kf5 Rg5+ 1/2-1/2

[Event "Superettan(Sollentuna-Orebro)"]
[Site "?"]
[Date "2014.01.18"]
[Round "4"]
[White "Kassani, Sam"]
[Black "Sundelius, Per"]
[Result "1-0"]
[WhiteElo "2239"]
[BlackElo "2063"]
[PlyCount "69"]
[EventDate "2014.??.??"]

1. d4 Nf6 2. Nf3 g6 3. Bf4 Bg7 4. e3 O-O 5. Be2 d6 6. O-O Nbd7 7. h3 c6 8. c4
a5 9. Nc3 Re8 10. Bh2 Nf8 11. Qc2 N6d7 12. Rad1 Ne6 13. Rfe1 Bh6 14. Bf1 Ndf8
15. c5 d5 16. Ne5 Bg7 17. e4 dxe4 18. d5 Nxc5 19. dxc6 Qb6 20. Nd5 Qa7 21. Nc7
Bf5 22. g4 Be6 23. Nxa8 Rxa8 24. cxb7 Nxb7 25. Nc6 Qc5 26. Qxe4 Re8 27. Ne5 Nd6
28. Qc6 Qxc6 29. Nxc6 Nb7 30. Be5 f6 31. Bc3 a4 32. Rxe6 Nxe6 33. Bc4 Nbc5 34.
Re1 Kf7 35. Nd4 1-0

[Event "Superettan(Sollentuna-Orebro)"]
[Site "?"]
[Date "2014.01.18"]
[Round "4"]
[White "Sparv, Joakim"]
[Black "Duenas, Alexis"]
[Result "1/2-1/2"]
[WhiteElo "1975"]
[BlackElo "2083"]
[PlyCount "76"]
[EventDate "2014.??.??"]

1. e4 c5 2. Nf3 Nc6 3. Bb5 g6 4. Bxc6 bxc6 5. d3 Bg7 6. O-O d6 7. c3 Bg4 8. h3
Bxf3 9. Qxf3 e5 10. Na3 Ne7 11. Bg5 O-O 12. Qe2 f6 13. Be3 f5 14. f3 f4 15. Bf2
g5 16. Rfd1 Kh8 17. Rac1 Qc7 18. d4 cxd4 19. cxd4 Rfd8 20. d5 c5 21. b4 Qd7 22.
bxc5 dxc5 23. Rxc5 Rdc8 24. Rdc1 Rxc5 25. Rxc5 Rc8 26. Qa6 h5 27. Rxc8+ Nxc8
28. Nb5 g4 29. hxg4 hxg4 30. Bc5 gxf3 31. gxf3 Qh3 32. Qg6 Qxf3 33. Bf2 Ne7 34.
Qe8+ Ng8 35. Nd6 Qd1+ 36. Kg2 Qg4+ 37. Kh2 Qe2 38. Kg2 Qg4+ 1/2-1/2

[Event "Superettan(Sollentuna-Orebro)"]
[Site "?"]
[Date "2014.01.18"]
[Round "4"]
[White "Jakenberg, Jussi"]
[Black "Gummesson, Anton"]
[Result "0-1"]
[WhiteElo "2081"]
[BlackElo "1963"]
[PlyCount "154"]

1. e4 c5 2. Nf3 Nc6 3. c3 Nf6 4. e5 Nd5 5. d4 cxd4 6. cxd4 d6 7. Nc3 Nxc3 8.
bxc3 e6 9. Bf4 Be7 10. Bd3 dxe5 11. dxe5 Qa5 12. O-O O-O 13. Qc2 h6 14. Qe2 f5
15. exf6 Rxf6 16. Bd2 Qh5 17. Rab1 a6 18. Rfe1 Bd6 19. Qe4 e5 20. Qh7+ Kf7 21.
Ng5+ Ke8 22. Qxg7 Be7 23. Ne4 Re6 24. Qg8+ Kd7 25. Ng3 Qe8 26. Qh7 Kd8 27. Nf5
Qd7 28. Nxe7 Rxe7 29. Qe4 Rg7 30. Bxh6 Rg4 31. Qe2 Rxg2+ 32. Kxg2 Qh3+ 33. Kg1
Bg4 34. Qf1 Qxh6 35. Re3 Kc7 36. Rg3 Bd7 37. Be4 Rh8 38. Qg2 Qf4 39. Re1 Qd2
40. Rf1 Rh4 41. Qf3 Qh6 42. Rd1 Rf4 43. Qg2 Rf7 44. Bg6 Re7 45. Qe4 Be6 46. a4
Rg7 47. Bf5 Bb3 48. Re1 Rf7 49. Ree3 Qf4 50. Bh3 Qxf2+ 51. Kh1 Bc2 52. Qg2 Bxa4
53. Qxf2 Rxf2 54. Rg2 Rf1+ 55. Rg1 Rf2 56. Rf1 Rd2 57. Bg2 Bb5 58. Rfe1 Rc2 59.
h4 Rf2 60. h5 Rf6 61. Rh3 Rh6 62. Kh2 Kd6 63. Kg3 Ne7 64. Bxb7 a5 65. Be4 Bd7
66. Rh2 a4 67. Kh4 Ke6 68. Kg5 Rh8 69. h6 Rg8+ 70. Kh4 Rh8 71. Kg3 Ng8 72. h7
Nf6 73. Kf3 Be8 74. Rh6 Ke7 75. Rg1 Bf7 76. Ra1 Be8 77. Ke3 Ng4+ 0-1

[Event "Superettan(Sollentuna-Orebro)"]
[Site "?"]
[Date "2014.01.18"]
[Round "4"]
[White "Skoog, Daniel"]
[Black "Agrest, Roman"]
[Result "1-0"]
[WhiteElo "1946"]
[BlackElo "1968"]
[PlyCount "61"]

1. Nf3 Nf6 2. c4 c5 3. Nc3 Nc6 4. g3 e6 5. Bg2 g6 6. O-O Bg7 7. d4 cxd4 8. Nxd4
O-O 9. Ndb5 b6 10. Bf4 Ba6 11. Bd6 Re8 12. Nc7 Bxc4 13. Nxa8 Qxa8 14. Qa4 b5
15. Nxb5 Bxb5 16. Qxb5 Nd4 17. Qd3 Nd5 18. Bc5 Nc6 19. e4 Nf6 20. f4 Qb8 21. e5
Ng4 22. Rfd1 Rd8 23. h3 Bf8 24. b4 Bxc5+ 25. bxc5 Nh6 26. Rab1 Qc7 27. g4 Kg7
28. Qd6 Qxd6 29. Rxd6 Rb8 30. Rb3 Rc8 31. Rxd7 1-0

[Event "Superettan(Sollentuna-Orebro)"]
[Site "?"]
[Date "2014.01.18"]
[Round "4"]
[White "Stromback, Henrik"]
[Black "Sjogren, Stig"]
[Result "1-0"]
[WhiteElo "1876"]
[BlackElo "1838"]
[PlyCount "79"]

1. e4 c5 2. Nf3 Nc6 3. d4 cxd4 4. Nxd4 e6 5. Nb5 d6 6. c4 a6 7. N5c3 Nf6 8. Be2
Be7 9. Be3 b6 10. O-O O-O 11. Qd2 Bd7 12. Na3 Qc7 13. Rfd1 Rfd8 14. Rac1 Rac8
15. f3 Be8 16. Qe1 Nd7 17. Qf2 Qb7 18. Rd2 Nc5 19. Nc2 Ne5 20. Nd4 Ncd7 21. b3
Nc5 22. f4 Nc6 23. Bf3 Nxd4 24. Bxd4 Bc6 25. Re1 Bf8 26. Qe2 Qe7 27. Qd1 f6 28.
Qe2 g6 29. Red1 Bh6 30. Be3 Bf8 31. g3 Qb7 32. Bxc5 bxc5 33. Kf2 Be7 34. Bg4
Kf7 35. f5 Bd7 36. fxe6+ Bxe6 37. Nd5 Bxg4 38. Qxg4 h5 39. Qf4 g5 40. Qf5 1-0

[Event "Superettan(Manhem I-Limhamn II)"]
[Site "?"]
[Date "2014.01.19"]
[Round "5"]
[White "Tadjerbashi, Amir"]
[Black "Akesson, Joel"]
[Result "1/2-1/2"]
[WhiteElo "2230"]
[BlackElo "2350"]
[PlyCount "81"]

1. e4 e6 2. d4 d5 3. Nd2 Nf6 4. e5 Nfd7 5. Bd3 c5 6. c3 Nc6 7. Ne2 cxd4 8. cxd4
f6 9. exf6 Nxf6 10. O-O Bd6 11. Nf3 Qc7 12. Nc3 a6 13. Bg5 O-O 14. Bh4 Nh5 15.
Bg3 Nxg3 16. hxg3 g6 17. Rc1 Qg7 18. Bb1 Bd7 19. a3 Rf6 20. Qd3 Raf8 21. Rcd1
Bb8 22. Qe3 Ba7 23. Ne2 Bb8 24. Rc1 Ne7 25. Ne5 Nf5 26. Bxf5 Rxf5 27. Nxd7 Qxd7
28. Rce1 e5 29. g4 exd4 30. Nxd4 Re5 31. Qb3 Rxe1 32. Rxe1 Ba7 33. Nf3 Qf7 34.
Qb4 Qc7 35. Qe7 Qc2 36. Qe6+ Kh8 37. Qe5+ Kg8 38. Qxd5+ Kh8 39. Qe5+ Kg8 40.
Qe6+ Kh8 41. Qe5+ 1/2-1/2

[Event "Superettan(Manhem I-Limhamn II)"]
[Site "?"]
[Date "2014.01.19"]
[Round "5"]
[White "Moberg, Karl Johan"]
[Black "Holst, Conny"]
[Result "1/2-1/2"]
[WhiteElo "2344"]
[BlackElo "2261"]
[PlyCount "70"]

1. d4 Nf6 2. c4 c5 3. d5 e5 4. Nc3 d6 5. e4 Be7 6. h3 O-O 7. Nf3 Ne8 8. Bd3 g6
9. Bh6 Ng7 10. g4 Nd7 11. Qd2 a6 12. O-O-O Nf6 13. Rdg1 Bd7 14. Ne1 b5 15. f3
Qa5 16. Kb1 Rfb8 17. Nc2 bxc4 18. Bxc4 Nge8 19. h4 Bb5 20. Nxb5 axb5 21. Qxa5
Rxa5 22. Bd2 Ra7 23. Be2 Nc7 24. h5 Nd7 25. hxg6 fxg6 26. Rh2 Bf6 27. Rgh1 Nf8
28. Bh6 Bg7 29. Be3 Rba8 30. a3 Rb7 31. Bd2 Ne8 32. g5 Nc7 33. Bf1 Ra4 34. b3
Ra8 35. Kb2 Kf7 1/2-1/2

[Event "Superettan(Manhem I-Limhamn II)"]
[Site "?"]
[Date "2014.01.19"]
[Round "5"]
[White "Mansson, Lars"]
[Black "Welin, Mats"]
[Result "0-1"]
[WhiteElo "2285"]
[BlackElo "2392"]
[PlyCount "67"]

1. e4 e5 2. Nf3 Nc6 3. Nc3 Nf6 4. Bb5 Bc5 5. O-O O-O 6. Nxe5 Nxe5 7. d4 Bd6 8.
f4 Neg4 9. e5 Be7 10. h3 d6 11. exf6 Nxf6 12. Qf3 d5 13. Bd3 Re8 14. Bd2 c6 15.
Rae1 Qb6 16. Qf2 Qxb2 17. Re5 b5 18. Rfe1 Qa3 19. Qe3 Kf8 20. Bc1 Qxc3 21. Rxe7
Be6 22. Bd2 Qa3 23. Rxe8+ Rxe8 24. Qf2 Ne4 25. Bxe4 dxe4 26. Rxe4 Bd5 27. Re5
Rxe5 28. dxe5 h6 29. Be3 Qxa2 30. Bxa7 Be4 31. Qd4 Bd5 32. Qc5+ Kg8 33. Bb6 b4
34. Qxb4 0-1

[Event "Superettan(Manhem I-Limhamn II)"]
[Site "?"]
[Date "2014.01.19"]
[Round "5"]
[White "Hultin, Johan"]
[Black "Nylen, Anders"]
[Result "1-0"]
[WhiteElo "2377"]
[BlackElo "2173"]
[PlyCount "137"]

1. d4 Nf6 2. c4 g6 3. Nc3 d5 4. Nf3 Bg7 5. Qa4+ c6 6. cxd5 Nxd5 7. e4 Nb6 8.
Qa5 O-O 9. h3 Be6 10. b3 Na6 11. Bxa6 bxa6 12. Ba3 Bxd4 13. Nxd4 Qxd4 14. Bxe7
Rfe8 15. Rd1 Qg7 16. Bc5 Bd5 17. Bd4 Qf8 18. f3 Rac8 19. Bc5 Qh6 20. O-O Be6
21. Qxa6 Qg5 22. Bxb6 Bxh3 23. Rf2 axb6 24. Qxb6 Be6 25. f4 Qh5 26. Qe3 Bg4 27.
Rd6 Qa5 28. Qd2 Qh5 29. b4 Be6 30. a4 Rb8 31. Qd4 Rec8 32. e5 Bd5 33. Qc5 Qh4
34. a5 Qg3 35. a6 Bxg2 36. Ne2 Qa3 37. Kxg2 Qxa6 38. Nd4 Qd3 39. Nxc6 Qe4+ 40.
Kg3 Kg7 41. b5 h5 42. Qd4 Qf5 43. e6+ Kh7 44. Kh2 Rxb5 45. exf7 Rb3 46. f8=N+
Rxf8 47. Rd7+ Rf7 48. Rxf7+ Qxf7 49. Ne5 Qe6 50. Nf3 Qg8 51. Ng5+ Kh6 52. Re2
Rb7 53. Qf6 Qg7 54. Qxg7+ Kxg7 55. Re6 Rb3 56. Kg2 Ra3 57. Re7+ Kf8 58. Rb7 Ra6
59. Kf3 Ra5 60. Ke4 Rf5 61. Ne6+ Kg8 62. Rg7+ Kh8 63. Rxg6 Ra5 64. f5 Kh7 65.
Kf4 h4 66. Kg5 Rb5 67. Rg7+ Kh8 68. Kg6 h3 69. f6 1-0

[Event "Superettan(Manhem I-Limhamn II)"]
[Site "?"]
[Date "2014.01.19"]
[Round "5"]
[White "Karlsson, Ulf"]
[Black "Berggren Torell, Harald"]
[Result "1/2-1/2"]
[WhiteElo "2069"]
[BlackElo "2219"]
[PlyCount "68"]

1. e4 Nf6 2. Nc3 d6 3. g3 c5 4. d3 Nc6 5. Bg2 g6 6. Nge2 Bg7 7. h3 O-O 8. f4 e6
9. g4 Ne8 10. O-O f5 11. Bd2 Nc7 12. Rb1 Bd7 13. exf5 gxf5 14. g5 d5 15. Ng3 b5
16. Nce2 a5 17. c3 Qe7 18. Be1 Ra6 19. d4 c4 20. Nh5 b4 21. Bh4 a4 22. Qe1 Nb5
23. g6 Qe8 24. gxh7+ Kxh7 25. Nxg7 Kxg7 26. cxb4 Qg6 27. a3 Kf7 28. Bg5 Qg7 29.
Rd1 Kg8 30. Qf2 c3 31. Nxc3 Ncxd4 32. Nxb5 Nxb5 33. Rfe1 Nd6 34. h4 Ne4 1/2-1/2

[Event "Superettan(Manhem I-Limhamn II)"]
[Site "?"]
[Date "2014.01.19"]
[Round "5"]
[White "Landgren, Philip"]
[Black "Ollen, Martin"]
[Result "1-0"]
[WhiteElo "2322"]
[BlackElo "2121"]
[PlyCount "75"]

1. d4 Nf6 2. Nf3 g6 3. c3 Bg7 4. Bg5 O-O 5. Nbd2 d6 6. e4 Nc6 7. h3 e5 8. dxe5
Nxe5 9. Nxe5 dxe5 10. Bc4 Qe8 11. O-O h6 12. Be3 b6 13. a4 Bb7 14. Qc2 a6 15.
b4 Rd8 16. Be2 Qe6 17. a5 b5 18. c4 Qc6 19. Rfc1 bxc4 20. Qxc4 Qxc4 21. Rxc4
Ne8 22. Nb3 f5 23. Nc5 Bc8 24. f3 f4 25. Bf2 Rd2 26. Kf1 Rf6 27. Be1 Rd8 28.
Rc2 Kh7 29. b5 Bf8 30. Nxa6 Bxa6 31. bxa6 c5 32. Rb1 Ra8 33. Rb7+ Kg8 34. a7
Nd6 35. Rc7 Rf7 36. R2xc5 Rxa7 37. Rxa7 Rxa7 38. Rxe5 1-0

[Event "Superettan(Manhem I-Limhamn II)"]
[Site "?"]
[Date "2014.01.19"]
[Round "5"]
[White "Astrom, Lars"]
[Black "Eriksson, Mats"]
[Result "0-1"]
[WhiteElo "2033"]
[BlackElo "1994"]
[PlyCount "98"]

1. e4 e5 2. Nf3 Nc6 3. Bc4 Bc5 4. c3 Nf6 5. d3 d6 6. O-O O-O 7. Nbd2 Be6 8. Bb5
Ne7 9. d4 exd4 10. cxd4 Bb6 11. h3 d5 12. e5 Ne4 13. Bd3 Nxd2 14. Bxd2 Bf5 15.
Bg5 Bxd3 16. Qxd3 h6 17. Bh4 Qd7 18. e6 Qxe6 19. a4 a5 20. Rad1 Nf5 21. Rfe1
Qg6 22. Bg3 Nxg3 23. Qxg6 fxg6 24. fxg3 Rfe8 25. Ne5 g5 26. Kf2 Rad8 27. Nf3
Re4 28. g4 Rde8 29. Rxe4 Rxe4 30. Rd2 Kf8 31. Kf1 Ke7 32. Re2 Kd6 33. Ke1 c5
34. dxc5+ Bxc5 35. Rxe4 dxe4 36. Nh2 Be3 37. Nf1 Bf4 38. b3 Kc5 39. g3 Be5 40.
Ke2 Kd4 41. Nd2 Bxg3 42. Nc4 Bc7 43. Ne3 b6 44. Nf5+ Kc3 45. Nxg7 Kxb3 46. Nf5
Kxa4 47. Nxh6 Kb3 48. Nf5 a4 49. Nd4+ Kb2 0-1

[Event "Superettan(Manhem I-Limhamn II)"]
[Site "?"]
[Date "2014.01.19"]
[Round "5"]
[White "Pettersson, Anders"]
[Black "Hansen, Anders"]
[Result "1-0"]
[WhiteElo "2103"]
[BlackElo "2077"]
[PlyCount "161"]

1. d4 Nf6 2. c4 e6 3. Nc3 Bb4 4. Bg5 h6 5. Bh4 c5 6. d5 Bxc3+ 7. bxc3 d6 8. e3
e5 9. Qc2 Nbd7 10. Bd3 Qe7 11. f3 g5 12. Bf2 e4 13. Bxe4 Nxe4 14. Qxe4 Qxe4 15.
fxe4 Ne5 16. Nf3 Nxc4 17. h4 g4 18. Nd2 Ne5 19. Bg3 f6 20. O-O Ke7 21. Bf4 Bd7
22. Rfb1 b5 23. Nf1 Rab8 24. Kf2 b4 25. cxb4 Rxb4 26. Rxb4 cxb4 27. Ke2 Rc8 28.
Bxe5 fxe5 29. Kd2 Rc3 30. Rc1 Bb5 31. Ng3 Rd3+ 32. Kc2 Ra3 33. Kb2 Kd7 34. Nf5
g3 35. Nxh6 Rxe3 36. Ng4 Re2+ 37. Rc2 Re1 38. Rc1 Rxc1 39. Kxc1 Ke7 40. Kd2 Bd7
41. Ne3 a5 42. Nf1 Bh3 43. Nxg3 Bxg2 44. Nf5+ Kd7 45. Kd3 a4 46. Ng3 Bf3 47. h5
Ke7 48. h6 Kf6 49. h7 Kg7 50. Nf5+ Kxh7 51. Nxd6 Kg6 52. Kc4 b3 53. axb3 axb3
54. Kxb3 Kg5 55. Kc4 Kf4 56. Kd3 Bg2 57. Ke2 Bh3 58. Kd3 Bg4 59. Kc4 Bh3 60.
Kd3 Bf1+ 61. Kc3 Ke3 62. Kb4 Kf4 63. Kc5 Bh3 64. Kc6 Bg4 65. Kc7 Bh3 66. Kd8
Bg4 67. Ke7 Bh3 68. Kd8 Bg4 69. Kc7 Bh3 70. Kc6 Bg4 71. Ne8 Bd1 72. Nf6 Kg5 73.
Nd7 Kf4 74. Nc5 Ke3 75. d6 Bg4 76. d7 Bxd7+ 77. Kxd7 Kd4 78. Kd6 Kc4 79. Kxe5
Kxc5 80. Ke6 Kc6 81. e5 1-0

[Event "Superettan(Kungstornet-Rockaden,Umea)"]
[Site "?"]
[Date "2014.01.19"]
[Round "5"]
[White "Petrov, Marijan"]
[Black "Lyrberg, Patrik"]
[Result "0-1"]
[WhiteElo "2550"]
[BlackElo "2548"]
[PlyCount "54"]

1. e4 Nf6 2. e5 Nd5 3. d4 d6 4. c4 Nb6 5. Nf3 Bg4 6. exd6 exd6 7. h3 Bh5 8. Nc3
Be7 9. Bd3 Nc6 10. g4 Bg6 11. Bf4 O-O 12. Qe2 Bxd3 13. Qxd3 Nb4 14. Qe2 Re8 15.
O-O-O d5 16. a3 Na6 17. cxd5 Bxa3 18. Ne5 Bb4 19. Qd3 Bxc3 20. bxc3 Qxd5 21. c4
Qa5 22. Qb3 c5 23. Kb1 cxd4 24. c5 Re6 25. Rxd4 Nxc5 26. Qf3 Qb5+ 27. Ka2 Nd5
0-1

[Event "Superettan(Kungstornet-Rockaden,Umea)"]
[Site "?"]
[Date "2014.01.19"]
[Round "5"]
[White "Henriksson, Johan"]
[Black "Forsberg, Viktor"]
[Result "1-0"]
[WhiteElo "2295"]
[BlackElo "2367"]
[PlyCount "105"]

1. d4 d5 2. Nf3 Nf6 3. c4 e6 4. g3 dxc4 5. Bg2 Bb4+ 6. Bd2 c5 7. O-O Nc6 8. Ne5
O-O 9. dxc5 Bxc5 10. Nxc4 Qe7 11. Nc3 Rd8 12. Na4 Bb4 13. Bxb4 Qxb4 14. Qb3
Qxb3 15. axb3 Nd5 16. Rfd1 Rb8 17. Nc3 b5 18. Na5 Nxa5 19. Rxa5 Bb7 20. Nxd5
Bxd5 21. Bxd5 Rd7 22. Rda1 Rxd5 23. Rxa7 g6 24. Rc7 Rd2 25. Raa7 Rf8 26. Rab7
Rxe2 27. Rxb5 Rxb2 28. Rbb7 Rd2 29. b4 Rd5 30. b5 Rf5 31. b6 Kg7 32. Rc2 Rb5
33. Kf1 h5 34. h4 Ra8 35. Ra7 Rxa7 36. bxa7 Ra5 37. Rc7 e5 38. Ke2 Ra3 39. Kd2
Kf6 40. Kc2 Ke6 41. Kb2 Ra5 42. Kb3 f6 43. Kb4 Ra1 44. Kb5 Kf5 45. Kb6 Rb1+ 46.
Kc6 Ra1 47. Kb7 g5 48. Rc6 gxh4 49. gxh4 Rxa7+ 50. Kxa7 e4 51. Kb6 Ke5 52. Rc5+
Kf4 53. Rxh5 1-0

[Event "Superettan(Kungstornet-Rockaden,Umea)"]
[Site "?"]
[Date "2014.01.19"]
[Round "5"]
[White "Wickstrom, Lucas"]
[Black "Larsson, Anders"]
[Result "1-0"]
[WhiteElo "2416"]
[BlackElo "2339"]
[PlyCount "79"]

1. d4 d6 2. Nf3 Bg4 3. c4 Nd7 4. e4 g6 5. Be2 Bg7 6. O-O c5 7. d5 Ngf6 8. Nc3
O-O 9. Bg5 Ne8 10. Qc2 Nc7 11. h3 Bxf3 12. Bxf3 a6 13. Be2 Rb8 14. a4 Qe8 15.
f4 h6 16. Bh4 Bd4+ 17. Kh1 e5 18. dxe6 fxe6 19. e5 dxe5 20. Ne4 Rxf4 21. Nd6
Qf8 22. g3 Rf5 23. Nxf5 gxf5 24. g4 f4 25. a5 Kg7 26. Rab1 Qd6 27. g5 hxg5 28.
Bh5 Qf8 29. Qg6+ Kh8 30. Qxg5 Qf5 31. Qxf5 exf5 32. Bg6 Kg7 33. Bxf5 Nf6 34. b4
Rh8 35. Bf2 Nh5 36. Kh2 Kf6 37. Be4 Bxf2 38. Rxf2 Ng3 39. Bxb7 Ne6 40. b5 1-0

[Event "Superettan(Kungstornet-Rockaden,Umea)"]
[Site "?"]
[Date "2014.01.19"]
[Round "5"]
[White "Wikner, Arvid"]
[Black "Malmstig, Erik"]
[Result "1-0"]
[WhiteElo "2294"]
[BlackElo "2309"]
[PlyCount "93"]

1. e4 d6 2. d4 Nf6 3. Nc3 g6 4. Nf3 Bg7 5. Be2 O-O 6. O-O a6 7. a4 b6 8. Bg5 h6
9. Bh4 g5 10. Bg3 Nh5 11. Bc4 Nxg3 12. hxg3 Bb7 13. Nh2 c6 14. Qh5 d5 15. exd5
cxd5 16. Bd3 f5 17. g4 e6 18. Rae1 Qf6 19. gxf5 exf5 20. Re5 Qf7 21. Qxf7+ Rxf7
22. Rxf5 Bxd4 23. Nxd5 Nd7 24. Nc7 Rxf5 25. Bxf5 Rc8 26. Ne6 Bxb2 27. Ng4 Nc5
28. Nxh6+ Kh8 29. Nxg5 Rb8 30. Re1 Kg7 31. Ng4 Bf6 32. Ne6+ Nxe6 33. Rxe6 Bd4
34. Rd6 Bc5 35. Rd7+ Kf8 36. Be6 Bc6 37. Ra7 Bxa4 38. Nf6 Be7 39. Nd5 Bd6 40.
Rh7 Be5 41. f4 Bg7 42. f5 Bxc2 43. Nf4 Rb7 44. Ng6+ Ke8 45. f6 Bxg6 46. Rxg7
Bf7 47. Rh7 1-0

[Event "Superettan(Kungstornet-Rockaden,Umea)"]
[Site "?"]
[Date "2014.01.19"]
[Round "5"]
[White "Lindgren, Fredrik"]
[Black "Engstrom, Kaj"]
[Result "1/2-1/2"]
[WhiteElo "2270"]
[BlackElo "2284"]
[PlyCount "76"]

1. d4 e6 2. Nf3 Nf6 3. g3 b5 4. Bg2 Bb7 5. O-O Be7 6. a4 b4 7. c4 O-O 8. Nbd2
c5 9. Nb3 Na6 10. Bf4 d5 11. Ne5 Qc8 12. Na5 Bd8 13. Nxb7 Qxb7 14. dxc5 Nxc5
15. Rc1 Rc8 16. cxd5 exd5 17. Bh3 Ne6 18. Rxc8 Qxc8 19. Nd3 Be7 20. Be3 Qc7 21.
Nf4 Nxf4 22. Bxf4 Bd6 23. Bxd6 Qxd6 24. Qc2 g6 25. e3 Rd8 26. Rd1 Qe5 27. Rd4
Qb8 28. Qb3 a5 29. Bg2 Qe5 30. Qd1 h5 31. e4 Rc8 32. exd5 Rc1 33. Qxc1 Qxd4 34.
h4 Nxd5 35. Bxd5 Qxd5 36. Kh2 Qf5 37. Qd2 Qe5 38. Kg2 Kg7 1/2-1/2

[Event "Superettan(Kungstornet-Rockaden,Umea)"]
[Site "?"]
[Date "2014.01.19"]
[Round "5"]
[White "Evertsson, Lennart"]
[Black "Eriksson, Jorgen"]
[Result "1-0"]
[WhiteElo "2231"]
[BlackElo "2274"]
[PlyCount "120"]

1. c4 Nf6 2. Nf3 c6 3. b3 d5 4. Bb2 Nbd7 5. e3 e6 6. Be2 Bd6 7. cxd5 exd5 8.
Qc2 Qe7 9. Nc3 O-O 10. Nd4 Nc5 11. Nf5 Bxf5 12. Qxf5 Rfe8 13. h4 d4 14. Nd1
dxe3 15. Nxe3 Nce4 16. Rd1 Rad8 17. Bd3 Be5 18. Bxe5 Qxe5 19. Qxe5 Rxe5 20. Bb1
Re6 21. h5 g6 22. h6 Red6 23. Nf1 Nc3 24. Rc1 Nxb1 25. Rxb1 Ne4 26. Rd1 f5 27.
Rh3 Ng5 28. Rh4 Nf7 29. Ne3 Rd4 30. Rh1 Ng5 31. f3 Ne6 32. g4 f4 33. Nc4 Ng5
34. Ke2 Re8+ 35. Kf2 Rd3 36. Rhe1 Rxf3+ 37. Kg2 Rg3+ 38. Kf1 Rf3+ 39. Kg1 Rg3+
40. Kh1 Rxe1+ 41. Rxe1 Rxg4 42. Nd6 Rh4+ 43. Kg2 Rh2+ 44. Kxh2 Nf3+ 45. Kh3
Nxe1 46. Nxb7 Kf7 47. Nd8+ Kf6 48. Nxc6 g5 49. b4 Kf5 50. Ne7+ Ke4 51. Kg4 f3
52. Nf5 f2 53. Ng3+ Ke5 54. b5 Nc2 55. a4 Nd4 56. Nf1 Kf6 57. Kg3 Nf5+ 58. Kxf2
Ke6 59. Kf3 Nxh6 60. Ng3 Kd5 1-0

[Event "Superettan(Kungstornet-Rockaden,Umea)"]
[Site "?"]
[Date "2014.01.19"]
[Round "5"]
[White "Nygren, David"]
[Black "Holmquist, Gunnar"]
[Result "1/2-1/2"]
[WhiteElo "2212"]
[BlackElo "2230"]
[PlyCount "42"]

1. e4 e5 2. Nf3 Nc6 3. Bb5 a6 4. Ba4 Nf6 5. O-O Be7 6. Re1 b5 7. Bb3 O-O 8. h3
d6 9. c3 a5 10. a3 Bb7 11. d3 b4 12. axb4 axb4 13. Rxa8 Qxa8 14. Nbd2 Rd8 15.
Nf1 bxc3 16. bxc3 d5 17. exd5 Nxd5 18. Nxe5 Nxe5 19. Rxe5 Bf6 20. Rf5 Bxc3 21.
Ne3 g6 1/2-1/2

[Event "Superettan(Kungstornet-Rockaden,Umea)"]
[Site "?"]
[Date "2014.01.19"]
[Round "5"]
[White "Palmblad, Jan Peter"]
[Black "Hammar, Ulf"]
[Result "1-0"]
[WhiteElo "2225"]
[BlackElo "2187"]
[PlyCount "97"]

1. e4 e6 2. d4 d5 3. Nc3 Bb4 4. e5 c5 5. a3 Bxc3+ 6. bxc3 Ne7 7. Qg4 O-O 8. Nf3
Nbc6 9. Bd3 f5 10. exf6 Rxf6 11. Ne5 Nxe5 12. dxe5 Rf7 13. Bg5 c4 14. Be2 Qc7
15. Bxe7 Rxe7 16. Qd4 Bd7 17. O-O Ba4 18. Ra2 Rf7 19. f4 Qb6 20. Qxb6 axb6 21.
Bg4 Re8 22. Rb2 b5 23. g3 Kf8 24. Kf2 Ke7 25. h4 Rg8 26. Ke2 g6 27. Bh3 h6 28.
Ke3 g5 29. hxg5 hxg5 30. f5 exf5 31. Rxf5 Rh7 32. Bg4 Rh2 33. e6 Rf8 34. Rxd5
Rf1 35. Rd7+ Ke8 36. Kd4 Rd2+ 37. Ke3 Rxd7 38. exd7+ Kd8 39. Bh3 Ra1 40. Kd4
Rg1 41. Bf5 Rxg3 42. Rb1 Rf3 43. Be6 Rf6 44. Ke5 Rf8 45. Kd6 Rh8 46. Rg1 Rh5
47. Rf1 Rh8 48. Rf5 g4 49. Rc5 1-0

[Event "Superettan(Sollentuna-Schack 08)"]
[Site "?"]
[Date "2014.02.01"]
[Round "5"]
[White "Laveryd, Peter"]
[Black "Tsyhanchuk, Stanislav"]
[Result "0-1"]
[WhiteElo "2437"]
[BlackElo "2416"]
[PlyCount "72"]

1. e4 Nf6 2. e5 Nd5 3. d4 d6 4. c4 Nb6 5. exd6 exd6 6. Nc3 Be7 7. Bd3 Nc6 8.
Nge2 O-O 9. a3 Bf6 10. Be3 d5 11. c5 Nc4 12. Qc2 Nxe3 13. fxe3 g6 14. O-O Bg7
15. Rae1 Ne7 16. Ng3 h5 17. Rf2 c6 18. b4 b6 19. Qb3 Rb8 20. Qa4 b5 21. Qb3 a5
22. Rb1 axb4 23. axb4 Ra8 24. Ra2 Rxa2 25. Qxa2 h4 26. Nf1 Bf5 27. Bxf5 Nxf5
28. Nd1 Re8 29. Qf2 Re4 30. Kh1 Qa8 31. Qb2 Qe8 32. Qc3 h3 33. Nf2 hxg2+ 34.
Kxg2 Nxe3+ 35. Kg1 Bxd4 36. Nxe4 Qxe4 0-1

[Event "Superettan(Sollentuna-Schack 08)"]
[Site "?"]
[Date "2014.02.01"]
[Round "5"]
[White "Poley, Vladimir"]
[Black "Ingbrant, Johan"]
[Result "1-0"]
[WhiteElo "2415"]
[BlackElo "2430"]
[PlyCount "43"]

1. d4 d5 2. Nf3 c6 3. g3 Bg4 4. Ne5 Bf5 5. Bg2 Nf6 6. O-O e6 7. c4 Nbd7 8. cxd5
cxd5 9. Nc3 Be7 10. Qb3 O-O 11. Qxb7 Nxe5 12. dxe5 Nd7 13. Be3 Nxe5 14. Rad1
Nc4 15. Bf4 Bc2 16. Nxd5 exd5 17. Rxd5 Qb6 18. Qxe7 Qxb2 19. Rc5 Rac8 20. Bd5
Nb6 21. Be5 Nxd5 22. Qxf8+ 1-0